United Kingdom Renderers Association Ltd and another v SoS Environment, Transport and the Regions (Record no. 68547)

MARC details
000 -LEADER
fixed length control field 01049cam a2200205 4500
001 - CONTROL NUMBER
control field X115072
008 - FIXED-LENGTH DATA ELEMENTS--GENERAL INFORMATION
fixed length control field 011011n2001 000 0 eng u
035 ## - SYSTEM CONTROL NUMBER
System control number (Sirsi) u115072
245 ## - TITLE STATEMENT
Title United Kingdom Renderers Association Ltd and another v SoS Environment, Transport and the Regions
260 ## - PUBLICATION, DISTRIBUTION, ETC.
Date of publication, distribution, etc. 2001
490 ## - SERIES STATEMENT
Series statement Estates Gazette
Volume/sequential designation [2001] 36 EG 180 (CS) (8/9/01)
520 ## - SUMMARY, ETC.
Summary, etc. QBD 31 July 2001. Claimants representing operators of animal-rendering plants - rendering plants requiring authorisation of local authority - conditions imposed upon authorisation - SoS issuing guidance note on imposition of odour-boundary conditions - whether guidance incompatible with BATNEEC test - Environmental Protection Act 1990 s7(2)(a) -claim dismissed.
650 ## - SUBJECT ADDED ENTRY--TOPICAL TERM
Topical term or geographic name entry element ENVIRONMENTAL PROTECTION ACT 1990
650 ## - SUBJECT ADDED ENTRY--TOPICAL TERM
Topical term or geographic name entry element UNITED KINGDOM RENDERERS ASSOCIATION LTD AND ANOTHER V SOS ENVIRONMENT, TRANSPORT AND THE REGIONS
650 ## - SUBJECT ADDED ENTRY--TOPICAL TERM
Topical term or geographic name entry element AIR POLLUTION
650 ## - SUBJECT ADDED ENTRY--TOPICAL TERM
Topical term or geographic name entry element Environment
9 (RLIN) 6238
650 ## - SUBJECT ADDED ENTRY--TOPICAL TERM
Topical term or geographic name entry element RENDERING
690 ## - LOCAL SUBJECT ADDED ENTRY--TOPICAL TERM (OCLC, RLIN)
Topical term or geographic name as entry element ENVIRONMENT-CASE LAW
942 ## - ADDED ENTRY ELEMENTS (KOHA)
Suppress in OPAC 0

No items available.